[Event "Novi Sad Putnik Schev"]
[Site "Novi Sad"]
[Date "2021.07.20"]
[Round "4"]
[White "Maglovski, Dario"]
[Black "Vujevic, Tomislav"]
[Result "0-1"]
[WhiteElo "1515"]
[BlackElo "2011"]
[PlyCount "72"]
[EventDate "2021.07.18"]
[EventType "schev"]
[EventRounds "7"]
[EventCountry "SRB"]
[SourceTitle "EXT 2022"]
[Source "ChessBase"]
[SourceDate "2021.10.06"]
[SourceVersion "1"]
[SourceVersionDate "2021.10.06"]
[SourceQuality "1"]
[WhiteTeam "Theam B"]
[BlackTeam "Theam A"]
[WhiteTeamCountry "SRB"]
[BlackTeamCountry "SRB"]

1. c4 c5 2. Nc3 Nc6 3. g3 g6 4. Bg2 Bg7 5. d3 d6 6. e4 e6 7. Nge2 Nge7 8. 0-0 0-0 9. Bf4 Nd4 10. Nxd4 Bxd4 11. Nb5 Bxb2 12. Rb1 Be5 13. Bxe5 dxe5 14. h4 Nc6 15. h5 b6 16. Bf3 Ba6 17. Nc3 Nb4 18. Be2 Bb7 19. a3 Nc6 20. Bf3 Qe7 21. Qd2 Rad8 22. Rfd1 Rd7 23. Qe3 Rfd8 24. hxg6 hxg6 25. Kg2 Qf8 26. Rd2 Ba6 27. Rdd1 Qg7 28. Nb5 Kf8 29. Be2 Bxb5 30. Rxb5 Ke7 31. Rh1 Nd4 32. Rb2 Nxe2 33. Qxe2 Rxd3 34. Qc2 Qf6 35. Qa4 Qf3+ 36. Kh2 Rh8+ 0-1

[Event "SRB-ch U14"]
[Site "Subotica"]
[Date "2021.05.03"]
[Round "1"]
[White "Maglovski, Dario"]
[Black "Cuzovic, Ognjen"]
[Result "0-1"]
[WhiteElo "1398"]
[BlackElo "1866"]
[PlyCount "124"]
[EventDate "2021.05.03"]
[EventType "swiss"]
[EventRounds "9"]
[EventCountry "SRB"]
[SourceTitle "EXT 2022"]
[Source "ChessBase"]
[SourceDate "2021.10.06"]
[SourceVersion "1"]
[SourceVersionDate "2021.10.06"]
[SourceQuality "1"]

1. e4 d5 2. exd5 Nf6 3. Nf3 Nxd5 4. Bc4 g6 5. 0-0 Bg7 6. Nc3 c6 7. h3 0-0 8. d4 Be6 9. Bb3 Nxc3 10. bxc3 Bxb3 11. axb3 c5 12. Ba3 Nd7 13. Re1 Re8 14. Bb2 Qc7 15. c4 e6 16. Ng5 Qf4 17. Nf3 a6 18. Bc1 Qc7 19. Bb2 Rad8 20. Qe2 Nb8 21. Rad1 Nc6 22. c3 Re7 23. Qe4 Red7 24. Rd2 cxd4 25. cxd4 Qb6 26. Qe3 Nxd4 27. Nxd4 Bxd4 28. Bxd4 Rxd4 29. Red1 e5 30. b4 Qxb4 31. Rxd4 Rxd4 32. Rxd4 exd4 33. Qxd4 Qe7 34. Kf1 h6 35. Qd5 Qe6 36. Qd8+ Kh7 37. Qc7 Kg7 38. c5 Qd5 39. f3 Qd1+ 40. Kf2 Qd5 41. Kg3 h5 42. Kh4 Qc6 43. Qa5 Qe6 44. Kg3 Qe3 45. Qc7 Qg5+ 46. Kh2 Qd5 47. Kg3 Kf6 48. Qf4+ Ke6 49. Qb4 Qc6 50. Qd4 Qd5 51. Qb4 Qc6 52. Qd4 f5 53. f4 a5 54. Qe5+ Kd7 55. Qg7+ Kc8 56. Qf8+ Kc7 57. Kh4 a4 58. g3 Qa6 59. Qe7+ Kb8 60. Qd8+ Ka7 61. Qd4 Qc6 62. Qb4 Qf6# 0-1